Papers presented at the African University day 1992 (Record no. 53104)

MARC details
000 -LEADER
fixed length control field 00875nam a2200169 a 4500
008 - FIXED-LENGTH DATA ELEMENTS--GENERAL INFORMATION
fixed length control field 220831s1992 ||||||||||||||||| || u
050 ## - LIBRARY OF CONGRESS CALL NUMBER
Classification number CBU(02)1999/1
110 ## - MAIN ENTRY--CORPORATE NAME
Corporate name or jurisdiction name as entry element Copperbelt University
245 10 - TITLE STATEMENT
Title Papers presented at the African University day 1992
Statement of responsibility, etc. By The Copperbelt University(CBU)
260 ## - PUBLICATION, DISTRIBUTION, ETC.
Place of publication, distribution, etc. Kitwe
Name of publisher, distributor, etc. Copperbelt University
Date of publication, distribution, etc. 1992
300 ## - PHYSICAL DESCRIPTION
Extent [various]
500 ## - GENERAL NOTE
General note 1. SPEECHES BY HIS WORSHIP THE MAYOR COUNCILLOR L.S. KAZABU  2.PAPER PRSENTED BY Dr, JOHN LUNGU(ACTING VICE CHANCELLOR) 3 PAPER PRESENTED BY NESSAN J RONAN 4. PAPER PRESENTED BY C.B.M. LUNGU and Capt. KANUNGWE 5. PAPER PRESENTED BY K MUMBA  
650 ## - SUBJECT ADDED ENTRY--TOPICAL TERM
Topical term or geographic name entry element EDUCATION--CONGRESSES
650 ## - SUBJECT ADDED ENTRY--TOPICAL TERM
Topical term or geographic name entry element EDUCATION, HIGHER
650 ## - SUBJECT ADDED ENTRY--TOPICAL TERM
Topical term or geographic name entry element EDUCATION--ZAMBIA--CONGRESSES
995 ## - RECOMMENDATION 995 [LOCAL, UNIMARC FRANCE]
-- CBU-MAIN LIBRARY (Kitwe)
-- 1
-- AVAILABLE
-- Aug 31, 2022
-- University Collection
Holdings
Withdrawn status Lost status Source of classification or shelving scheme Damaged status Not for loan Home library Current library Shelving location Date acquired Total Checkouts Full call number Barcode Date last seen Price effective from Koha item type
          CBU-MAIN LIBRARY, KITWE. CBU-MAIN LIBRARY, KITWE.   11/30/2022   CBU(02)1999/1 B4998 11/30/2022 11/30/2022 MONOGRAPH